<?xml version="1.0" encoding="UTF-8"?><?xml-stylesheet type="text/xsl" href="static/style.xsl"?><OAI-PMH xmlns="http://www.openarchives.org/OAI/2.0/" xmlns:xsi="http://www.w3.org/2001/XMLSchema-instance" xsi:schemaLocation="http://www.openarchives.org/OAI/2.0/ http://www.openarchives.org/OAI/2.0/OAI-PMH.xsd"><responseDate>2026-04-17T02:58:54Z</responseDate><request verb="GetRecord" identifier="oai:www.recercat.cat:2072/488695" metadataPrefix="marc">https://recercat.cat/oai/request</request><GetRecord><record><header><identifier>oai:recercat.cat:2072/488695</identifier><datestamp>2025-11-07T14:03:56Z</datestamp><setSpec>com_2072_98</setSpec><setSpec>col_2072_378192</setSpec></header><metadata><record xmlns="http://www.loc.gov/MARC21/slim" xmlns:dcterms="http://purl.org/dc/terms/" xmlns:xsi="http://www.w3.org/2001/XMLSchema-instance" xmlns:doc="http://www.lyncode.com/xoai" xsi:schemaLocation="http://www.loc.gov/MARC21/slim http://www.loc.gov/standards/marcxml/schema/MARC21slim.xsd">
   <leader>00925njm 22002777a 4500</leader>
   <datafield ind2=" " ind1=" " tag="042">
      <subfield code="a">dc</subfield>
   </datafield>
   <datafield ind2=" " ind1=" " tag="720">
      <subfield code="a">Torrente, Diego</subfield>
      <subfield code="e">author</subfield>
   </datafield>
   <datafield ind2=" " ind1=" " tag="260">
      <subfield code="c">2025</subfield>
   </datafield>
   <datafield ind2=" " ind1=" " tag="520">
      <subfield code="a">El presente artículo explora las posibilidades y límites de la policía comunitaria (o de proximidad) en la cohesión vecinal de los barrios y en la prevención de los problemas actuales de seguridad y convivencia que aquejan a las ciudades. Para responder a estas cuestiones, se realiza una revisión sistemática de la literatura científica priorizando los estudios más recientes y sólidos. Se busca tener una visión internacional y comparada más allá de las experiencias españolas. El texto se estructura en cuatro bloques. El primero sitúa a la policía comunitaria en una tradición de políticas de seguridad preventivas de base local. El segundo analiza los fundamentos y propósitos de la policía comunitaria como estrategia preventiva. Seguidamente, se discuten las evaluaciones sobre su eficacia, aceptación y legitimidad, poniendo énfasis en los factores que determinan su éxito o fracaso. En último lugar, se presenta la evolución y las innovaciones más recientes que incorpora el modelo, así como las posibilidades e inquietudes que estas abren. Concretamente, se discute la incorporación de las tecnologías de la información y comunicación (TIC) al trabajo policial, el uso de sistemas de inteligencia y policía predictiva basados en el big data y la inteligencia artificial (IA), así como la capacidad del modelo de combinar diversas estrategias policiales. Analizando las diversas investigaciones, el artículo concluye que existe una policía comunitaria renovada que, reivindicando sus principios fundacionales de proximidad, prevención, resolución de problemas y alianzas con otros actores, trata de adaptarse a los cambios sociales y de seguridad incorporando las últimas tecnologías y flexibilizando las estrategias del modelo. A pesar de que la cohesión de la comunidad tiene más peso que los esfuerzos propios de la policía en sus logros, la "nueva policía comunitaria", si mantiene sus principios, puede contribuir significativamente a esa cohesión social.</subfield>
   </datafield>
   <datafield ind1="8" ind2=" " tag="024">
      <subfield code="a">http://hdl.handle.net/2072/488695</subfield>
   </datafield>
   <datafield tag="653" ind2=" " ind1=" ">
      <subfield code="a">Política comunitaria</subfield>
   </datafield>
   <datafield tag="653" ind2=" " ind1=" ">
      <subfield code="a">Innovación</subfield>
   </datafield>
   <datafield tag="653" ind2=" " ind1=" ">
      <subfield code="a">Prevención</subfield>
   </datafield>
   <datafield tag="653" ind2=" " ind1=" ">
      <subfield code="a">Políticas de seguridad</subfield>
   </datafield>
   <datafield tag="653" ind2=" " ind1=" ">
      <subfield code="a">Seguridad pública</subfield>
   </datafield>
   <datafield ind2="0" ind1="0" tag="245">
      <subfield code="a">La nueva policía comunitaria : entre la prevención y la predicción</subfield>
   </datafield>
</record></metadata></record></GetRecord></OAI-PMH>